| 000 | 00948nam a2200253 i 4500 | ||
|---|---|---|---|
| 001 | 169102 | ||
| 003 | ES-MaACL | ||
| 005 | 20260610142459.0 | ||
| 008 | 080813s2007 sp |||| |dspa d | ||
| 020 | _a978-84-672-2603-4 | ||
| 020 | _a978-84-8109-684-2 | ||
| 080 | _a821.133.1-82"19" | ||
| 100 | 1 |
_aValéry, Paul, _d1871-1945 _9243197 |
|
| 245 | 1 | 0 |
_aCuadernos _b: 1894-1945 / _cPaul Valéry ; selección e introducción de Andrés Sánchez Robayna ; traducción de Maryse Privat, Fátima Sainz y Andrés Sánchez Robayna. |
| 250 | _aEd. al cuidado de Nicanor Vélez. | ||
| 260 |
_aBarcelona : _bCírculo de Lectores : _bGalaxia Gutenberg, _c2007. |
||
| 300 |
_a552 p. ; _c21 cm. |
||
| 600 | 1 | 4 |
_aValéry, Paul- _xCuadernos de notas, apuntes, etc. _9161213 |
| 700 | 1 |
_aSánchez Robayna, Andrés. _9102879 |
|
| 700 | 1 |
_aPrivat, Maryse. _9138178 |
|
| 700 | 1 |
_aSainz, Fátima. _9138179 |
|
| 852 |
_aES-MaACL _jL-29534 |
||
| 999 |
_c169102 _d169102 |
||